| 000 | 00550nam a2200193 u 4500 | ||
|---|---|---|---|
| 005 | 20220915064157.0 | ||
| 008 | 100809s1997 r 000 0 eng d | ||
| 020 | _a9582003421 | ||
| 035 | _aUPN01000177252 | ||
| 049 | _aCG | ||
| 050 | 4 |
_aPQ8180.32 A7.6 _bJ3.7 |
|
| 100 | 1 |
_aVarón, Policarpo, _d1941- |
|
| 245 | 1 | 0 |
_aJardín del intérprete / _cPolicarpo Varón. |
| 260 |
_aSanta Fé de Bogotá : _bMagisterio, _c1997. |
||
| 300 | _a145 p. | ||
| 440 | 0 |
_aPiedra de sol ; _v22. _pCuento |
|
| 650 | 7 |
_aCuentos colombianos _2 _96585 |
|
| 905 | _aLibro | ||
| 999 |
_c149355 _d149355 |
||